000 00507nam a22001691c 4500
001 a987682907
008 060214s1969 gw |||| 000u ger d
041 _ager
100 1 _aZechlin, Egmont
245 0 4 _aDie deutsche Politik und die Juden im Ersten Weltkrieg /
_cunter Mitarbeit von Hans Joachim Bieber
264 _aGöttingen :
_bVandenhoeck & Ruprecht,
_c1969
300 _aVIII, 592 S.
700 1 _aBieber, Hans-Joachim
_eMitarbeiterIn
942 _cMG
040 _cRU-10907106
003 RU-10907106
999 _c3803
_d3803